000 00511nam a2200229Ia 4500
003 IT-RoPAU
005 20220918175913.0
008 120407s9999 xx 000 0 und d
040 _aIT-RoPAU
040 _cIT-RoPAU
041 _aita
100 _aGiuseppe Di Gennaro
_936244
245 _aLa droga... Commento alla legge 22 dicembre 1975
250 _aMilano
260 _aGiuffré
260 _c1976
300 _a545 p.
300 _c21 cm
490 _v1
942 _cBK
_2ddc
999 _c35641
_d35641